000 00688nam a2200289Ia 4500
005 20260324145349.0
008 008 260324s9999 xx 000 0 eng d
020 _a9780429050008
037 _aEBOOK
040 _aCRL
040 _beng
040 _cCRL
041 _2eng
041 _aeng
084 _qCRL
100 _aReuven Kahane
_91222700
245 0 _aLegitimation And Integration In Developing Societies
245 4 _bThe Case Of India
260 _bTaylor and Francis
260 _c1983
365 _a
365 _b230
856 _uhttp://www.taylorfrancis.com/books/9780429050008
942 _cEBOOK
999 _c1830506
_d1830506